[Event "Tournoi francophone 021"]
[Site "Skype"]
[Date "????.??.??"]
[Round "5.5"]
[White "Radice, Marco"]
[Black "De Fazio, Monica"]
[Result "0-1"]
[WhiteElo "1534"]
[BlackElo "1603"]
[PlyCount "100"]

1. Nf3 Nf6 2. g3 e6 3. d4 d5 4. c4 c6 5. Nc3 Bb4 6. Bd2 O-O 7. Bg2 Nbd7 8. O-O
dxc4 9. b3 cxb3 10. Qxb3 Bxc3 11. Bxc3 Qb6 12. Rfd1 Qxb3 13. axb3 Nd5 14. Bb2
b6 15. Nd2 Bb7 16. Ne4 Rfd8 17. Nd6 Bc8 18. e4 N5f6 19. b4 c5 20. e5 Nd5 21.
bxc5 bxc5 22. dxc5 Rb8 23. Bd4 a6 24. Nxc8 Rbxc8 25. Rxa6 Nxc5 26. Rd6 Rxd6 27.
exd6 Nb6 28. Be5 Ncd7 29. Bd4 Nc4 30. Rc1 Nxd6 31. Rxc8+ Nxc8 32. h4 h5 33. Bf3
e5 34. Ba1 g6 35. Bc6 Ncb6 36. Kg2 f6 37. Kh3 Nc5 38. f3 Nd3 39. Be4 Nf2+ 40.
Kg2 Nxe4 41. fxe4 Nc4 42. Kf3 Kf7 43. Ke2 Ke6 44. Kd3 Nd6 45. Bb2 f5 46. exf5+
Nxf5 47. Ke4 Nxg3+ 48. Kf3 Nf5 49. Ke4 Nd6+ 50. Ke3 Nc4+ 0-1

[Event "Tournoi francophone 021"]
[Site "Skype"]
[Date "????.??.??"]
[Round "5.6"]
[White "Vincent, Andre"]
[Black "Scata, Laura"]
[Result "0-1"]
[WhiteElo "1533"]
[BlackElo "1583"]
[PlyCount "82"]

1. Nf3 c6 2. d4 d5 3. c4 e6 4. Nc3 Nf6 5. g3 b6 6. Bg2 Bb7 7. O-O Be7 8. Re1
O-O 9. Bf4 dxc4 10. e4 Nbd7 11. Ne5 b5 12. a3 Nb6 13. g4 Nfd7 14. Nxd7 Qxd7 15.
Re3 Bd6 16. e5 Be7 17. Rh3 Qd8 18. Be4 h6 19. Be3 Nd5 20. Nxd5 cxd5 21. Bc2 a5
22. f4 b4 23. a4 b3 24. Bb1 Qe8 25. Qf3 f6 26. f5 fxe5 27. dxe5 Bg5 28. Bxg5
hxg5 29. Rh5 Qe7 30. f6 Qb4 31. Bh7+ Kf7 32. fxg7+ Kxg7 33. Qc3 Qxc3 34. bxc3
Bc6 35. Bb1 Rg8 36. Rxg5+ Kf7 37. Bg6+ Ke7 38. h4 Raf8 39. Bb1 Rxg5 40. hxg5
Rg8 41. g6 Be8 0-1

[Event "Tournoi francophone 021"]
[Site "Skype"]
[Date "????.??.??"]
[Round "5.8"]
[White "Gadow, Martin"]
[Black "De Coninck, Philippe"]
[Result "0-1"]
[WhiteElo "1651"]
[BlackElo "1510"]
[PlyCount "52"]

1. d4 d5 2. Nf3 Nf6 3. Bf4 e6 4. e3 Bd6 5. Bg3 c5 6. dxc5 Bxc5 7. Bd3 O-O 8.
O-O b6 9. Nbd2 Nbd7 10. c3 Re8 11. Qc2 e5 12. Bxe5 Nxe5 13. Nxe5 Rxe5 14. Nb3
Qc7 15. Nd4 Bxd4 16. cxd4 Qxc2 17. Bxc2 Rg5 18. f4 Rh5 19. Bd1 Bg4 20. Bb3 Ne4
21. Ba4 Rc8 22. h3 Be6 23. Bd1 Rh4 24. Kh2 h6 25. f5 Nd2 26. Rf2 Ne4 0-1

[Event "Tournoi francophone 021"]
[Site "Skype"]
[Date "????.??.??"]
[Round "5.9"]
[White "Duthoit, Bernard"]
[Black "Bourdeau, Yvan"]
[Result "0-1"]
[WhiteElo "1566"]
[BlackElo "1740"]
[PlyCount "108"]

1. e4 g6 2. d4 Bg7 3. e5 d6 4. exd6 exd6 5. c3 Nf6 6. Nf3 O-O 7. Be3 Nc6 8.
Nbd2 d5 9. Nb3 b6 10. Qd2 Ne4 11. Qc1 Re8 12. Bd3 Bf5 13. O-O Qd7 14. Qc2 Nd6
15. Bxf5 Nxf5 16. Rae1 Nd6 17. Nbd2 Ne7 18. Bf4 Nef5 19. Ne5 Bxe5 20. Bxe5 Re6
21. Nf3 f6 22. Bxd6 Qxd6 23. Rxe6 Qxe6 24. Re1 Qd7 25. Qe2 Kf7 26. h3 Re8 27.
Qxe8+ Qxe8 28. Rxe8 Kxe8 29. g4 Nd6 30. b3 Nb5 31. c4 dxc4 32. bxc4 Nc3 33. g5
Ke7 34. gxf6+ Kxf6 35. Ne5 Ne2+ 36. Kf1 Nxd4 37. Nd3 c5 38. f4 Kf5 39. Kf2 Ne6
40. Kf3 h6 41. h4 a6 42. a4 a5 43. Kg3 g5 44. fxg5 hxg5 45. hxg5 Nxg5 46. Nf4
Ne4+ 47. Kf3 Nd2+ 48. Ke3 Nxc4+ 49. Kf3 Nb2 50. Nd5 Nxa4 51. Ke3 Ke5 52. Nc7 c4
53. Nb5 Kd5 54. Kd2 Kc5 0-1

[Event "Tournoi francophone 021"]
[Site "Skype"]
[Date "????.??.??"]
[Round "5.11"]
[White "Lambert, Pierre"]
[Black "Guillaume, Mickael"]
[Result "1-0"]
[WhiteElo "1791"]
[BlackElo "1511"]
[PlyCount "85"]

1. Nf3 d5 2. g3 e6 3. Bg2 Bd6 4. O-O Nf6 5. d3 c6 6. Nbd2 O-O 7. e4 Nbd7 8. Re1
Be5 9. exd5 Bc7 10. dxe6 fxe6 11. Nc4 e5 12. Ncxe5 Re8 13. Nxd7 Bxd7 14. Bd2
Re6 15. Rxe6 Bxe6 16. Ng5 Bd5 17. Bxd5+ Qxd5 18. Qf3 Re8 19. Qxd5+ Nxd5 20. Re1
Re5 21. d4 Rxe1+ 22. Bxe1 h6 23. Ne6 Bb6 24. c4 Nc7 25. Nxc7 Bxc7 26. Kg2 g6
27. Kf3 Kf7 28. Ke4 Kf6 29. Bd2 h5 30. h3 a6 31. f4 b6 32. g4 hxg4 33. hxg4 a5
34. Bc3 Ke6 35. f5+ gxf5+ 36. gxf5+ Kf7 37. d5 cxd5+ 38. cxd5 Bd8 39. d6 b5 40.
Kd5 b4 41. Bd4 Ke8 42. Ke6 Bg5 43. f6 1-0

[Event "Tournoi francophone 021"]
[Site "Skype"]
[Date "????.??.??"]
[Round "5.12"]
[White "Malbec, Robert"]
[Black "Jacquelin, Norbert"]
[Result "0-1"]
[WhiteElo "1503"]
[BlackElo "1827"]
[PlyCount "42"]

1. e4 Nf6 2. Nc3 e5 3. Bc4 Nc6 4. a3 Nxe4 5. Nxe4 d5 6. Bb5 dxe4 7. Qe2 Bf5 8.
d3 exd3 9. Qxe5+ Qe7 10. Qxe7+ Bxe7 11. cxd3 O-O-O 12. Bxc6 bxc6 13. d4 Bf6 14.
Be3 c5 15. Ne2 cxd4 16. Bxd4 Bxd4 17. O-O Bd3 18. Rfe1 Bxe2 19. Rxe2 Rhe8 20.
Rd2 Bf6 21. Rc1 Rxd2 0-1

[Event "Tournoi francophone 021"]
[Site "Skype"]
[Date "????.??.??"]
[Round "5.13"]
[White "Busto, Ricardo"]
[Black "Ruiz Aguilera, Juan Jesus"]
[Result "1-0"]
[WhiteElo "1585"]
[BlackElo "1500"]
[PlyCount "59"]

1. d4 d5 2. Bf4 Nf6 3. Nd2 Nc6 4. e3 Bg4 5. Be2 Bf5 6. c3 Ne4 7. Ngf3 e6 8. a3
g5 9. Bg3 g4 10. Ne5 Nxd2 11. Qxd2 Be4 12. f3 gxf3 13. gxf3 Bf5 14. Bd3 Bxd3
15. Qxd3 Be7 16. O-O-O O-O 17. h4 f6 18. Nxc6 bxc6 19. Rhg1 Kh8 20. Bh2 Bd6 21.
Bf4 Bxf4 22. exf4 Qd6 23. Qe3 Rg8 24. h5 Rxg1 25. Rxg1 Rb8 26. h6 Qf8 27. Qxe6
Qxh6 28. Qg4 Re8 29. Kd1 Qh2 30. Qg7# 1-0

[Event "Tournoi francophone 021"]
[Site "Skype"]
[Date "????.??.??"]
[Round "5.17"]
[White "Colangelo, Michele"]
[Black "Rodriguez, Nathalie"]
[Result "0-1"]
[WhiteElo "1464"]
[BlackElo "1537"]
[PlyCount "28"]

1. e4 e5 2. Nf3 Nc6 3. Bc4 h6 4. O-O Bc5 5. c3 Nf6 6. Re1 d6 7. h3 Be6 8. Bb3
Bxb3 9. Qxb3 Bb6 10. d3 O-O 11. Qd1 Re8 12. d4 exd4 13. cxd4 Nxe4 14. d5 Bxf2+
0-1

[Event "Tournoi francophone 021"]
[Site "Skype"]
[Date "????.??.??"]
[Round "5.18"]
[White "Le Bouill, Pierre"]
[Black "Lecluyse, Koenraad"]
[Result "0-1"]
[WhiteElo "1534"]
[BlackElo "1458"]
[PlyCount "66"]

1. d4 d5 2. h3 e6 3. Nf3 h6 4. Bf4 c5 5. c3 Nc6 6. e3 c4 7. b3 cxb3 8. axb3 Nf6
9. Be2 Bd6 10. Ne5 Nxe5 11. Bxe5 Bxe5 12. dxe5 Ne4 13. Bf3 Ng5 14. O-O O-O 15.
Nd2 Qf6 16. c4 Qg6 17. cxd5 Nxh3+ 18. Kh2 Ng5 19. d6 Bd7 20. Bh5 Qf5 21. f4 Ne4
22. Nxe4 Qxe4 23. Ra4 Qxe3 24. Re4 Qxe4 25. Bg4 Rac8 26. Be2 Rc3 27. Rf3 Rxf3
28. Bxf3 Qxf4+ 29. g3 Qxe5 30. Bxb7 f5 31. Bf3 f4 32. g4 Qb2+ 33. Kh3 Qf2 0-1

[Event "Tournoi francophone 021"]
[Site "Skype"]
[Date "????.??.??"]
[Round "5.19"]
[White "Blanchard, Colette"]
[Black "Gerbaux, Regis"]
[Result "0-1"]
[WhiteElo "1527"]
[BlackElo "1400"]
[PlyCount "56"]

1. d4 e5 2. dxe5 Nc6 3. f4 Qe7 4. Nf3 Qb4+ 5. Nbd2 d6 6. g3 dxe5 7. fxe5 Bc5 8.
Bg2 Nge7 9. c3 Qb5 10. Ne4 Bf5 11. Nxc5 Qxc5 12. Qd2 Nxe5 13. Qe3 Qxe3 14. Bxe3
Nc4 15. Bc1 Be4 16. O-O O-O 17. b3 Nd6 18. Bd2 Rfe8 19. Rad1 Ng6 20. c4 Bc6 21.
Rf2 Rad8 22. Rdf1 Ne4 23. Be3 Nxf2 24. Kxf2 Rd7 25. Bh3 Rde7 26. Nh4 Nxh4 27.
gxh4 Rxe3 28. Re1 Rxh3 0-1

[Event "Tournoi francophone 021"]
[Site "Skype"]
[Date "????.??.??"]
[Round "5.20"]
[White "Jimenez Del Rosario, Alsis Raynely"]
[Black "Tolaro, Filippa"]
[Result "0-1"]
[WhiteElo "1515"]
[BlackElo "1400"]
[PlyCount "76"]

1. b3 d5 2. Bb2 Nf6 3. e3 Bf5 4. Nc3 e6 5. Nf3 Bd6 6. Nh4 Bg6 7. Nxg6 hxg6 8.
Nb5 Rxh2 9. Nxd6+ Qxd6 10. Rxh2 Qxh2 11. Qf3 Nbd7 12. O-O-O O-O-O 13. Bb5 c6
14. Bd3 Qd6 15. Bd4 Kb8 16. g4 g5 17. Qe2 Qa3+ 18. Bb2 Qxa2 19. c4 Qxb3 20.
cxd5 cxd5 21. f4 Rc8+ 22. Kb1 Ne4 23. fxg5 Ne5 24. Qh2 Qxd1+ 25. Ka2 Qxd2 26.
Qxd2 Nxd2 27. Bxe5+ Ka8 28. Bxg7 Ne4 29. Bxe4 dxe4 30. Kb2 b5 31. Bc3 a6 32.
Kb3 Kb7 33. Kb4 Rc4+ 34. Kb3 Kb6 35. Kc2 b4 36. Kd2 bxc3+ 37. Kc2 a5 38. Kb3
Kb5 0-1

[Event "Tournoi francophone 021"]
[Site "Skype"]
[Date "????.??.??"]
[Round "5.21"]
[White "Hampton, Irene"]
[Black "Moumtaz, Abderrahim"]
[Result "0-1"]
[WhiteElo "1358"]
[BlackElo "1598"]
[PlyCount "106"]

1. d4 Nf6 2. Bf4 d5 3. Nc3 c6 4. Nf3 Bf5 5. e3 e6 6. Bd3 Bxd3 7. Qxd3 Bd6 8.
Ne5 O-O 9. h3 Bb4 10. O-O-O Bxc3 11. Qxc3 Ne4 12. Qe1 Nd7 13. Ng4 Ndf6 14. f3
Nd6 15. Ne5 Nb5 16. h4 Nh5 17. Bh2 a5 18. g4 f6 19. Nd3 Qe8 20. Nf4 Nxf4 21.
Bxf4 e5 22. Bg3 a4 23. h5 Nd6 24. Rh4 Nf7 25. Qg1 Ng5 26. Qg2 a3 27. b3 Qe7 28.
Bf2 Qb4 29. Rhh1 Qc3 30. Bh4 Qxe3+ 31. Qd2 Qxd2+ 32. Rxd2 Nxf3 33. Rd3 Nxd4 34.
Rf1 Ne2+ 35. Kd2 Nf4 36. Rdf3 d4 37. Bg3 Ng2 38. g5 Ne3 39. R1f2 Ng4 40. Rf5
Ne3 41. R5f3 Ng4 42. Bh4 Nxf2 43. Rxf2 fxg5 44. Bg3 Rxf2+ 45. Bxf2 Rf8 46. Ke2
g4 47. Bg3 Rf3 48. Bxe5 Re3+ 49. Kd2 Rxe5 50. Kd3 g3 51. Kxd4 Rg5 52. Kc4 g2
53. Kb4 g1=Q 0-1

[Event "Tournoi francophone 021"]
[Site "Skype"]
[Date "????.??.??"]
[Round "5.23"]
[White "Viatge, Fabrice"]
[Black "Ortis, Yves"]
[Result "1-0"]
[WhiteElo "1400"]
[BlackElo "1452"]
[PlyCount "67"]

1. e4 Nc6 2. Nf3 e6 3. d4 b6 4. Nc3 Bb4 5. Bd2 a6 6. Bd3 b5 7. O-O h6 8. Re1
Nf6 9. d5 Nb8 10. e5 Bxc3 11. Bxc3 Nxd5 12. Qd2 Nc6 13. Be4 Nxc3 14. Qxc3 Bb7
15. Rad1 Qe7 16. Nd4 Rc8 17. Nxc6 Bxc6 18. Bxc6 dxc6 19. Qxc6+ Kf8 20. Rd7 Qe8
21. Red1 g5 22. Qc5+ Kg7 23. Re7 Qf8 24. Rdd7 Kg6 25. Qe3 Rd8 26. Qf3 Rxd7 27.
Qf6+ Kh5 28. Rxd7 Rh7 29. h3 Qg7 30. g4+ Kh4 31. Qf3 Qxe5 32. Kg2 h5 33. Qg3+
Qxg3+ 34. fxg3# 1-0

[Event "Tournoi francophone 021"]
[Site "Skype"]
[Date "????.??.??"]
[Round "5.29"]
[White "Esformes, Jacques"]
[Black "Montilla Bejarano, Mey"]
[Result "0-1"]
[WhiteElo "1475"]
[BlackElo "1450"]
[PlyCount "68"]

1. d4 Nf6 2. Bf4 e6 3. Nf3 c5 4. c3 c4 5. Nbd2 b5 6. e4 d6 7. e5 Nd5 8. Bg3
dxe5 9. Nxe5 Bb7 10. b3 Nxc3 11. Qc2 Qxd4 12. Nef3 Bxf3 13. Nxf3 Qe4+ 14. Qxe4
Nxe4 15. Ke2 cxb3 16. axb3 Bb4 17. Nd2 Bxd2 18. f3 Nxg3+ 19. hxg3 Bb4 20. Rd1
O-O 21. Rd3 Rc8 22. Kd1 Ba3 23. Ke2 Rc2+ 24. Kd1 Rc1+ 25. Kd2 Nc6 26. b4 Rd8
27. Rxd8+ Nxd8 28. g4 Nc6 29. Ke2 Bxb4 30. Rh5 a6 31. f4 Rc5 32. f5 Re5+ 33.
Kf3 g6 34. Rxh7 Kxh7 0-1

[Event "Tournoi francophone 021"]
[Site "Skype"]
[Date "????.??.??"]
[Round "5.30"]
[White "Soubrier, Laure"]
[Black "Cassano, Mariangela"]
[Result "1-0"]
[WhiteElo "1450"]
[BlackElo "1306"]
[PlyCount "55"]

1. e4 e5 2. Nf3 d6 3. Bc4 Be6 4. c3 Bxc4 5. d3 Be6 6. Nbd2 Nf6 7. d4 Be7 8. O-O
O-O 9. Re1 c5 10. dxe5 dxe5 11. Nxe5 Bd6 12. Nef3 Nbd7 13. e5 Nxe5 14. Nxe5
Bxe5 15. Rxe5 Re8 16. Rxc5 b6 17. Re5 Qd5 18. Rxd5 Nxd5 19. Nf3 Rac8 20. Qc2 g6
21. Qa4 b5 22. Qxa7 Nc7 23. Qe3 Nd5 24. Qh6 Nf6 25. Bg5 Nd7 26. Rd1 Nc5 27. Bf6
Bxa2 28. Qg7# 1-0